| 000 | 00830nam a22002537a 4500 | ||
|---|---|---|---|
| 003 | DO-SdBNP | ||
| 005 | 20220504130453.0 | ||
| 007 | ta | ||
| 008 | 220504b |||||||| |||| 00| 0 eng d | ||
| 040 |
_aDO-SdBNP _bspa _cBNPHU |
||
| 082 | 4 |
_a006.752 _bP438c _222 |
|
| 100 | 1 |
_aPérez, Faustino, 1945 _d1945 _981542 |
|
| 245 | 1 | 0 |
_aCabeceras de mi blog / _cFaustino Pérez |
| 260 |
_aSanto Domingo : _bEdiciones Faustino Pérez, _c2017. |
||
| 300 |
_a103 p. : _bil. ; _c23 cm |
||
| 490 | _a Arte y comunicación | ||
| 590 | _aInventariado, 2022 / SA | ||
| 650 | 4 |
_aPérez, Faustino _vObras pictóricas _xBlogs _y1945 _981543 |
|
| 650 | 4 |
_aBlogueros _zRepública Dominicana _981544 |
|
| 650 | 4 |
_aArtistas informáticos _xBlogs _zRepública Dominicana _981545 |
|
| 653 | _aUn blog personal | ||
| 910 | _aSaquino | ||
| 942 |
_2ddc _cLBS1 |
||
| 999 |
_c51637 _d51637 |
||